• 首页
  • 本馆介绍
  • 公告通知
  • 最新文献
  • 馆藏检索
  • 电子资源
  • 读者导购
  • 参考咨询
  • 我的图书馆
  • 登录
  • 详细信息显示
  • 放入我的书架
  • 预约/预借图书
  • 作者相关作品
  • 分类相关作品
  • 丛书相关作品
  • 出版社相关作品

书目信息

  • 表格格式
  • 工作单格式
  • 卡片格式
题名:
连杆机构尺度综合的谐波特征参数法
    
 
作者: 褚金奎 , 孙建伟 著
分册:  
出版信息: 北京   科学出版社  2010.02
页数: 240页
开本: 23cm
丛书名:
单 册:
中图分类: TH112.1
科图分类:
主题词: 机构学
电子资源:
ISBN: 978-7-03-026648-4
000 00651nam0 2200205 450
001 1130804218
005 20110901083609.59
010    @a978-7-03-026648-4@dCNY50.00
100    @a20110901d2010 km y0chiy0120 ea
101 0  @achi
102    @aCN@b110000
200 1  @a连杆机构尺度综合的谐波特征参数法@Alian gan ji gou chi du zong he de xie bo te zheng can shu fa@f褚金奎,孙建伟著@Fzhu jin kui,sun jian wei zhu
210    @a北京@c科学出版社@d2010.02
215    @a240页@d23cm
606 0  @a机构学
690    @aTH112.1@v5
701  0 @a褚金奎@Azhu jin kui@4著
701  0 @a孙建伟@Asun jian wei@4著
801  0 @aCN@bNISOFT@c20110901
905    @aBZT@dTH112.1@e1
    
    连杆机构尺度综合的谐波特征参数法/褚金奎,孙建伟著.-北京:科学出版社,2010.02
    240页;23cm
    
    
    ISBN 978-7-03-026648-4:CNY50.00
    
●
相关链接 在五车中查询图书 在当当中查询图书 在豆瓣中查询图书


正题名:连杆机构尺度综合的谐波特征参数法     索取号:TH112.1/1         预约/预借

序号 登录号 条形码 馆藏地/架位号 状态 备注
1 792703   2000792703   样本书库/样006架B面2层2列/ [索取号:TH112.1/1] 在馆    
2 792704   2000792704   中心书库中库/ 中库030架A面3列3层16/ [索取号:TH112.1/1] 在馆    
3 792705   2000792705   中心书库中库/ 中库030架A面3列3层15/ [索取号:TH112.1/1] 在馆    
4 792706   2000792706   中心书库中库/ 中库030架A面3列3层14/ [索取号:TH112.1/1] 在馆    
5 792707   2000792707   中心书库中库/ 中库030架A面3列3层13/ [索取号:TH112.1/1] 在馆    
6 792708   2000792708   中心书库中库/ 中库030架A面3列3层12/ [索取号:TH112.1/1] 在馆    
山东省滨州职业学院图书馆 欢迎您!
大连网信软件有限公司© 版权所有